000 00259nam a2200121Ia 4500
008 190216s9999||||xx |||||||||||||| ||und||
100 _aManimala
245 0 _aHindi-Geeth Lokom Antherko
260 _bB F C
300 _a126
650 _aHindi
942 _cBK
999 _c16370
_d16370